000 00969cab a2200301 4500
001 ABS53182
008 090401t1995 xxu||||| |||| 00| 0 eng d
035 _a(Sirsi) u2551
041 _aeng
100 _aHayes, C.
245 _aMore than a standard response to quality
260 _c1995
350 _a0
490 _aInside Housing
_v12(28) 21 July 1995, 14-15(2)
520 _aDefends housing associations against accusations of poor standards, pointing to a record of high standards, the financial constraints under which HAs work and research undertaken on tenants` requirements and housing design.
650 _aDESIGN
650 _aGUIDANCE
650 _aHOUSE BUILDING
650 _aHOUSING ASSOCIATIONS
650 _aHOUSING CORPORATION
650 _aPARKER MORRIS
650 _aSOCIAL HOUSING
650 _aSPACE STANDARDS
690 _aBUILT ENVIRONMENT-CONSTRUCTION DESIGN
690 _aHOUSING
942 _n0
948 _c04/03/1997
999 _c1535
_d1535